Las Prioridades de América Latina en las negociaciones agrícolas /

Na minha lista:
Detalhes bibliográficos
Autor principal: Valdés, Constanza
Formato: Texto
Assuntos:
Tags: Adicionar Tag
Sem tags, seja o primeiro a adicionar uma tag!

MARC

LEADER 00000 a a2200000 04500
001 2547
003
040
100 |a Valdés, Constanza  
245 |a Las Prioridades de América Latina en las negociaciones agrícolas /  |c Constanza Valdés 
650 |a SECTOR AGRICOLA  
650 |a POLITICA AGRICOLA  
650 |a COMERCIO INTERNACIONAL  
650 |a ACUERDOS INTERNACIONALES  
650 |a ORGANIZACIONES INTERGUBERNAMENTALES  
650 |a MERCADO  
650 |a EXPORTACIONES  
773 |g número 54; páginas 197-208  
999 |c 21891  |d 21891